[Event "Move!"]
[Site "SchemingMind.com"]
[Date "2009.12.03"]
[Round "-"]
[White "lapista59"]
[Black "surfnsuds"]
[Result "1/2-1/2"]
[WhiteCountry "HUN"]
[BlackCountry "USA"]
[WhiteElo "1317"]
[WhiteRD "68"]
[BlackElo "1363"]
[BlackRD "81"]
[GameID "229386"]

1. c3 d5 2. e3 Nf6 3. Na3 e5 4. Nh3 Nc6 5. c4 Be6 6. Qb3 Bxa3 7. bxa3 Na5 8. Qb5+ c6 9. Qb2 dxc4 10. Qxe5 O-O
11. Bb2 Qd5 12. Qxd5 cxd5 13. Nf4 Rae8 14. h4 Bg4 15. h5 Re4 16. f3 Bxf3 17. gxf3 Re7 18. Bc3 Nc6 19. h6 d4 20. Rg1 g6
21. Bb2 c3 22. dxc3 Rxe3+ 23. Be2 dxc3 24. Kf2 cxb2 25. Rab1 Rxa3 26. Rxb2 b6 27. Bc4 Ne5 28. Be2 Rc8 29. Rg5 Rc5 30. Rd2 Ned7
31. Rxc5 bxc5 32. Nd5 Kf8 33. Nxf6 Nxf6 34. Bb5 Ng8 35. Rd8+ Ke7 36. Rxg8 Rxa2+ 37. Ke3 Rh2 38. Rg7 Rxh6 39. Bc4 Kd6 40. Rxf7 a5
41. Ke4 a4 42. Ra7 Rh4+ 43. f4 g5 44. Ra6+ Kc7 45. Rxa4 g4 46. Kd5 g3 47. Bf1 Rg4 48. Bg2 Kb6 49. Bf3 g2 50. Ra1 g1=Q
51. Rxg1 Rxg1 52. f5 Rg8 53. f6 Rf8 54. Ke5 c4 55. Be4 c3 56. Bxh7 Kb5 57. Ke6 Ra8 58. f7 Kb4 59. Bc2 Ka3 60. Ke7 Kb2
61. Be4 c2 62. Bxc2 Ra7+ 63. Kf6 Rxf7+ 64. Kxf7
1/2-1/2

[Event "Move!"]
[Site "SchemingMind.com"]
[Date "2009.12.04"]
[Round "-"]
[White "surfnsuds"]
[Black "lapista59"]
[Result "1-0"]
[WhiteCountry "USA"]
[BlackCountry "HUN"]
[WhiteElo "1363"]
[WhiteRD "81"]
[BlackElo "1317"]
[BlackRD "68"]
[GameID "229387"]

1. d4 e6 2. e4 c6 3. Nf3 Nh6 4. Nc3 Na6 5. Bc4 Nb4 6. a3 Na6 7. Ne5 Qf6 8. Qf3 Qxf3 9. Nxf3 Ng4 10. d5 Bc5
11. Nd1 b5 12. Be2 cxd5 13. h3 Nf6 14. Ne5 dxe4 15. Bxb5 h5 16. Bg5 Ke7 17. Nc3 Bd4 18. Bxf6+ Kxf6 19. Nc4 Nc5 20. O-O Bb7
21. Rad1 e5 22. Kh2 Ke6 23. b4 g5 24. bxc5 Bxc5 25. Bxd7+ Kf6 26. Nd5+ Kg7 27. Nxe5 Bd6 28. f4 gxf4 29. Nc4 Rad8 30. Nxd6 Bxd5
31. Rxd5 Rxd7 32. Nf5+ Kf6 33. Rxd7 Kxf5 34. Rxa7 f6 35. g3 f3 36. Kg1 h4 37. c4 hxg3 38. Rc1 Rxh3 39. c5 e3 40. Kf1 e2+
41. Ke1 g2 42. Kf2 Kf4 43. c6 Rh2 44. Ra4+ Kg5 45. c7 Rh8 46. Rb4 Re8 47. Re1 f5 48. Kxf3 Rc8 49. Rc4 Kf6 50. Kxg2 Ke7
51. Rxe2+ Kd6 52. Rd2+ Ke5 53. Rd8 Rxd8 54. cxd8=Q f4 55. Qd4+ Kf5 56. Qxf4+ Ke6 57. Rd4 Ke7 58. Qf5 Ke8 59. Rd6 Ke7 60. Rd7+ Ke8
61. Qf7#
1-0

[Event "Move!"]
[Site "SchemingMind.com"]
[Date "2009.12.04"]
[Round "-"]
[White "lame wolf"]
[Black "surfnsuds"]
[Result "0-1"]
[WhiteCountry "INT"]
[BlackCountry "USA"]
[WhiteElo "1055"]
[WhiteRD "45"]
[BlackElo "1363"]
[BlackRD "81"]
[GameID "229439"]

1. b4 e5 2. a3 Nf6 3. Bb2 d6 4. d4 Nc6 5. d5 Ne7 6. c4 c6 7. g3 cxd5 8. cxd5 Nexd5 9. Bg2 Be6 10. e3 Ng4
11. e4 Ndf6 12. f3 Ne3 13. Qd2 Nxg2+ 14. Qxg2 Rc8 15. Nc3 d5 16. Nge2 d4 17. Na4 Bb3 18. Nac3 dxc3 19. Bxc3 Qb6 20. Rb1 Bc4
21. a4 Bxe2 22. Qxe2 Rxc3 23. b5 Qa5 24. Ra1 Re3+ 25. Kf2 Rxe2+ 26. Kxe2 Bb4 27. Ra2 a6 28. Rc1 O-O 29. Rc4 axb5 30. Rcc2 bxa4
31. Ke3 Rd8 32. f4 Bc5+ 33. Kf3 Rd4 34. f5 Nxe4 35. Kg4 Nc3+
0-1

[Event "Move!"]
[Site "SchemingMind.com"]
[Date "2009.12.04"]
[Round "-"]
[White "surfnsuds"]
[Black "lame wolf"]
[Result "0-1"]
[WhiteCountry "USA"]
[BlackCountry "INT"]
[WhiteElo "1363"]
[WhiteRD "81"]
[BlackElo "1055"]
[BlackRD "45"]
[GameID "229441"]

1. d4 b5 2. e4 a6 3. Nf3 Bb7 4. Bd3 d5 5. e5 e6 6. O-O c5 7. c3 c4 8. Be2 b4 9. Nbd2 Nc6 10. a3 b3
11. g3 f6 12. Nh4 g6 13. Ndf3 f5 14. Bg5 Be7 15. Qd2 h6 16. Nxg6 Rh7 17. Bh4 Bxh4 18. Nfxh4 Qg5 19. f4 Qd8 20. Bh5 Kd7
21. g4 Kc7 22. gxf5 exf5 23. Nxf5 Nge7 24. Nfxe7 Nxe7 25. f5 Nxg6 26. Bxg6 Rg7 27. Qxh6 Qg8 28. Kh1 Qf8 29. f6 Rd7 30. f7 Qxh6
31. Rg1 Qd2 32. Rg2 Qe3 33. Rf1 Rh8 34. Rgf2 Rf8 35. Rf3 Qh6 36. e6 Re7 37. Rf6 Bc8 38. Re1 Kd6 39. Ref1 Bxe6 40. Be4 Rfxf7
41. Rxf7 Bxf7
0-1

[Event "Move!"]
[Site "SchemingMind.com"]
[Date "2009.12.05"]
[Round "-"]
[White "Gammon"]
[Black "surfnsuds"]
[Result "1-0"]
[WhiteCountry "USA"]
[BlackCountry "USA"]
[WhiteElo "1394"]
[WhiteRD "49"]
[BlackElo "1363"]
[BlackRD "81"]
[GameID "229522"]

1. e4 c5 2. Nf3 d6 3. d4 Nf6 4. Nc3 cxd4 5. Nxd4 Nc6 6. Bg5 e6 7. Qd2 a6 8. O-O-O h6 9. Nxc6 bxc6 10. Bd3 hxg5
11. Qxg5 Rh5 12. Qe3 g6 13. h3 d5 14. g4 Rh7 15. e5 d4 16. Qd2 Nd5 17. Nxd5 Qxd5 18. Rde1 a5 19. Kb1 Ba6 20. Be4 Qb5
21. b3 Ba3 22. Qxd4 Rd8 23. Qc3 Bb4 24. Bxc6+ Qxc6 25. Qxc6+ Rd7 26. Rd1 f6 27. Qxa6 Rd2 28. Qxe6+ Re7 29. Qxf6
1-0

[Event "Move!"]
[Site "SchemingMind.com"]
[Date "2009.12.04"]
[Round "-"]
[White "Gammon"]
[Black "lame wolf"]
[Result "1-0"]
[WhiteCountry "USA"]
[BlackCountry "INT"]
[WhiteElo "1394"]
[WhiteRD "49"]
[BlackElo "1055"]
[BlackRD "45"]
[GameID "229523"]

1. e4 c5 2. Nf3 Nc6 3. d4 e6 4. d5 exd5 5. exd5 Nb8 6. c4 d6 7. Bd3 Be7 8. Nc3 Bg4 9. O-O Bxf3 10. Qxf3 Bf6
11. Re1+ Ne7 12. Bf4 Nd7 13. Bxd6 b6 14. Nb5 O-O 15. Re2 Ne5 16. Bxe5 Bxe5 17. Rxe5 f6 18. Rh5 a6 19. Bxh7+ Kf7 20. Nc3 g6
21. Rh6 Nf5 22. Bxg6+ Kg7 23. Rh7+ Kxg6 24. Qh5#
1-0

[Event "Move!"]
[Site "SchemingMind.com"]
[Date "2009.12.05"]
[Round "-"]
[White "Gammon"]
[Black "lapista59"]
[Result "1-0"]
[WhiteCountry "USA"]
[BlackCountry "HUN"]
[WhiteElo "1394"]
[WhiteRD "49"]
[BlackElo "1317"]
[BlackRD "68"]
[GameID "229524"]

1. e4 e6 2. d4 c6 3. Nf3 g6 4. e5 a5 5. c4 Na6 6. a4 Bh6 7. Bd3 f6 8. c5 Nb4 9. Be4 f5 10. Bd3 g5
11. Bd2 Nxd3+ 12. Kf1 g4 13. Ne1 Nxb2 14. Qc2 Nxa4 15. Qxa4 b5 16. Qc2 a4 17. g3 Bg5 18. h4 Bxd2 19. Qxd2 Ra5 20. Kg2 h5
21. Nd3 Ne7 22. Nf4 Qc7 23. Nc3 a3 24. Na2 Ba6 25. Nb4 Ra4 26. Nxa6 Rxa6 27. Rhb1 Ra4 28. Rb3 Qa5 29. Qxa5 Rxa5 30. Raxa3 Rxa3
31. Rxa3 Nc8 32. Nd3 Ke7 33. f4 Kf7 34. Nb4 Ne7 35. Ra7 Rd8 36. Na6 Nd5 37. Rb7 Kg6 38. Nb8 Ne3+ 39. Kf2 Nd1+ 40. Ke1 Nc3
41. Kf1 Ne4 42. Kg2 Nc3 43. Nxd7 Ra8 44. Rc7 Ra2+ 45. Kf1 Ra1+ 46. Kf2 Ne4+ 47. Ke3 Re1+ 48. Kd3 Nxg3 49. Rxc6 Kf7 50. Rb6 Rb1
51. Nb8 b4 52. Kc4 Rf1 53. c6 Rxf4 54. Rxb4 Ne2 55. Kc5 g3 56. c7 Rxh4 57. c8=Q Kg7 58. Qxe6 Rg4 59. Rb7+ Kh8 60. Qf6+ Kg8
61. Qd8#
1-0

[Event "Move!"]
[Site "SchemingMind.com"]
[Date "2009.12.06"]
[Round "-"]
[White "surfnsuds"]
[Black "Gammon"]
[Result "1-0"]
[WhiteCountry "USA"]
[BlackCountry "USA"]
[WhiteElo "1363"]
[WhiteRD "81"]
[BlackElo "1394"]
[BlackRD "49"]
[GameID "229525"]

1. d4 Nf6 2. c4 e6 3. Nf3 c5 4. d5 Ne4 5. Be3 d6 6. dxe6 Bxe6 7. Qc2 Nf6 8. Bg5 Be7 9. Bxf6 Bxf6 10. Nbd2 O-O
11. Ne4 Bf5 12. Nfd2 Re8 13. f3 Re6 14. g4 Bh4+ 15. Kd1 Bxe4 16. Nxe4 d5 17. Nd2 d4 18. f4 Nc6 19. Ne4 Nb4 20. Qb1 Qd7
21. a3 Na6 22. Bh3 Rae8 23. g5 f5 24. Bxf5 Qf7 25. Bxe6 Rxe6 26. Qd3 Qxf4 27. Nd2 Bxg5 28. Kc2 Re3 29. Raf1 Rxd3 30. Rxf4 Rxd2+
31. Kxd2 Bxf4+ 32. Kd3 Nc7 33. Ke4 Bc1 34. Rxc1 Kf7 35. Ke5 g6 36. Kd6 Ne6 37. Rf1+ Kg7 38. Kxe6 a6 39. Kd6
1-0

[Event "Move!"]
[Site "SchemingMind.com"]
[Date "2009.12.04"]
[Round "-"]
[White "lame wolf"]
[Black "Gammon"]
[Result "0-1"]
[WhiteCountry "INT"]
[BlackCountry "USA"]
[WhiteElo "1055"]
[WhiteRD "45"]
[BlackElo "1394"]
[BlackRD "49"]
[GameID "229526"]

1. Nf3 d5 2. d4 Nf6 3. e3 e6 4. Bd3 c5 5. dxc5 Bxc5 6. Bd2 Nc6 7. Bb5 O-O 8. Bxc6 bxc6 9. O-O a5 10. Nc3 a4
11. a3 Ba6 12. Re1 Ng4 13. Ne5 Nxe5 14. Nxa4 Qd6 15. Nc3 f5 16. b4 Bb6 17. Nb1 Bd8 18. Bc3 Bf6 19. Ra2 Bc4 20. Rb2 Ng4
21. Bxf6 Qxh2#
0-1

[Event "Move!"]
[Site "SchemingMind.com"]
[Date "2009.12.05"]
[Round "-"]
[White "lapista59"]
[Black "Gammon"]
[Result "1-0"]
[WhiteCountry "HUN"]
[BlackCountry "USA"]
[WhiteElo "1317"]
[WhiteRD "68"]
[BlackElo "1394"]
[BlackRD "49"]
[GameID "229527"]

1. c3 Nf6 2. e3 d5 3. g3 h5 4. Na3 e5 5. Nf3 Bg4 6. Be2 e4 7. Qb3 exf3 8. Bf1 b6 9. Nb5 Be7 10. Qa4 O-O
11. h3 Bd7 12. g4 a6 13. gxh5 Nxh5 14. Rg1 c6 15. Na3 c5 16. Qd1 c4 17. Qxf3 Qc7 18. Qxh5 Bf6 19. Qxd5 Qc6 20. Qh5 Qe6
21. Nxc4 Qf5 22. Qxf5 Bxf5 23. Bg2 b5 24. Nd6 Bd7 25. Bxa8
1-0

[Event "Move!"]
[Site "SchemingMind.com"]
[Date "2009.12.05"]
[Round "-"]
[White "Brian Acebo"]
[Black "surfnsuds"]
[Result "1-0"]
[WhiteCountry "USA"]
[BlackCountry "USA"]
[WhiteElo "1525"]
[WhiteRD "68"]
[BlackElo "1348"]
[BlackRD "89"]
[GameID "229555"]

1. e4 c5 2. Nf3 d5 3. exd5 Qxd5 4. Bb5+ Nc6 5. O-O c4 6. Bxc6+ Qxc6 7. d3 Be6 8. Bf4 Bd5 9. Nbd2 Qf6 10. dxc4 Bxf3
11. Qxf3 Qxb2 12. Qb3 Qf6 13. Qb5+ Qc6 14. Rfe1 e6 15. Ne4 Qxb5 16. cxb5 O-O-O 17. a4 Be7 18. Red1 f5 19. Rxd8+ Bxd8 20. Nd6+ Kd7
21. Nf7 g5 22. Be5 Ke7 23. Nxh8 Bb6 24. Rd1 Ke8 25. Bd6 Bd8 26. Be5 Be7 27. c4 Nh6 28. f4 gxf4 29. Bxf4 Ng4 30. h3 Nf6
31. Bd6 Bd8 32. Rd4 Bb6 33. Be5 Bxd4+ 34. Bxd4 Ne4 35. a5 Kd7 36. Nf7 Kc7 37. Kf1 Nd2+ 38. Ke2 Nxc4 39. Bxa7 e5 40. Bb6+ Kd7
41. Kd3 Nxb6 42. axb6 e4+ 43. Kd4 Ke6 44. Ng5+ Kd6 45. Nxh7
1-0

[Event "Move!"]
[Site "SchemingMind.com"]
[Date "2009.12.05"]
[Round "-"]
[White "Brian Acebo"]
[Black "lame wolf"]
[Result "1-0"]
[WhiteCountry "USA"]
[BlackCountry "INT"]
[WhiteElo "1595"]
[WhiteRD "70"]
[BlackElo "1052"]
[BlackRD "44"]
[GameID "229556"]

1. e4 c5 2. Nf3 e6 3. d4 Qc7 4. g3 Nf6 5. Nc3 b6 6. Bg2 d6 7. O-O Bb7 8. b3 Nbd7 9. dxc5 Nxc5 10. Bb2 Be7
11. Re1 d5 12. exd5 e5 13. Nxe5 O-O 14. Nc4 Bd6 15. Nxd6 Qxd6 16. Qd4 Rfe8 17. Rxe8+ Nxe8 18. Rd1 Nf6 19. Nb5 Qe7 20. c4 a6
21. Nc3 Nce4 22. Nxe4 Rd8 23. Nxf6+ Qxf6 24. Qxf6 gxf6 25. Bxf6 Rd6 26. Be5 b5 27. Bxd6
1-0

[Event "Move!"]
[Site "SchemingMind.com"]
[Date "2009.12.05"]
[Round "-"]
[White "Brian Acebo"]
[Black "lapista59"]
[Result "0-1"]
[WhiteCountry "USA"]
[BlackCountry "HUN"]
[WhiteElo "1525"]
[WhiteRD "68"]
[BlackElo "1360"]
[BlackRD "77"]
[GameID "229557"]

1. e4 e6 2. d4 c6 3. Nf3 g6 4. e5 a5 5. Bc4 b5 6. Be2 h5 7. O-O Bb7 8. Bg5 Be7 9. Bxe7 Qxe7 10. c3 g5
11. Nfd2 g4 12. g3 Nh6 13. Ne4 Kd8 14. Nbd2 h4 15. Bxg4 f5 16. Nd6 Ra7 17. Bh5 Qg5 18. Nxb7+ Rxb7 19. Bf3 hxg3 20. fxg3 f4
21. Kf2 Rf8 22. Rg1 fxg3+ 23. hxg3 b4 24. Ne4 Ng4+ 25. Ke2 Qe3+ 26. Kf1 Nh2+ 27. Kg2 Nxf3 28. Nd6 Rc7 29. Rf1 Nh4+ 30. Kh3 Nf3
31. Nc4 Qh6+ 32. Kg2 Qh2#
0-1

[Event "Move!"]
[Site "SchemingMind.com"]
[Date "2009.12.05"]
[Round "-"]
[White "Brian Acebo"]
[Black "Gammon"]
[Result "1-0"]
[WhiteCountry "USA"]
[BlackCountry "USA"]
[WhiteElo "1595"]
[WhiteRD "70"]
[BlackElo "1424"]
[BlackRD "52"]
[GameID "229558"]

1. e4 e5 2. Nf3 Nc6 3. d4 exd4 4. Nxd4 Nf6 5. f3 Nxd4 6. Qxd4 b6 7. Bg5 Be7 8. Nc3 Nh5 9. Bxe7 Qxe7 10. O-O-O O-O
11. Nd5 Qc5 12. Qxc5 bxc5 13. Ne7+ Kh8 14. Nxc8 Raxc8 15. Rxd7 Nf4 16. g3 Ne6 17. Bc4 g6 18. f4 Kg7 19. Bxe6 Kg8 20. Bc4 Rcd8
21. Rhd1
1-0

[Event "Move!"]
[Site "SchemingMind.com"]
[Date "2009.12.06"]
[Round "-"]
[White "surfnsuds"]
[Black "Brian Acebo"]
[Result "0-1"]
[WhiteCountry "USA"]
[BlackCountry "USA"]
[WhiteElo "1348"]
[WhiteRD "89"]
[BlackElo "1525"]
[BlackRD "68"]
[GameID "229559"]

1. d4 Nf6 2. c4 e5 3. dxe5 Ng4 4. Bf4 Nc6 5. Nf3 Bc5 6. e3 Qe7 7. Nc3 Ngxe5 8. Nxe5 Nxe5 9. Qd5 d6 10. Ne4 Bb4+
11. Nd2 c6 12. Qe4 Bxd2+ 13. Kxd2 O-O 14. Bxe5 dxe5 15. Bd3 g6 16. f4 Rd8 17. h3 Bf5 18. Qxe5 Rxd3+ 19. Ke2 Qxe5 20. fxe5 Re8
21. Rad1 Rxd1 22. Rxd1 Rxe5 23. Rd8+ Kg7 24. Rb8 Re7 25. Kf3 Kf6 26. Rd8 a6 27. Rd4 Ke5 28. g4 Be6 29. b3 b5 30. c5 Bd5+
31. Kf2 a5 32. Ke2 f5 33. gxf5 Kxf5 34. Kd3 Re4 35. Rxe4 Bxe4+ 36. Kc3 Ke5 37. b4 axb4+ 38. Kxb4 Kd5 39. a4 bxa4 40. Kxa4 Kxc5
0-1

[Event "Move!"]
[Site "SchemingMind.com"]
[Date "2009.12.05"]
[Round "-"]
[White "lame wolf"]
[Black "Brian Acebo"]
[Result "0-1"]
[WhiteCountry "INT"]
[BlackCountry "USA"]
[WhiteElo "1052"]
[WhiteRD "44"]
[BlackElo "1595"]
[BlackRD "70"]
[GameID "229560"]

1. e3 e5 2. d4 e4 3. c4 d5 4. c5 b6 5. Bb5+ c6 6. Be2 Nf6 7. f3 Bf5 8. f4 bxc5 9. h3 cxd4 10. Bg4 Bxg4
11. hxg4 d3 12. Bd2 Bc5 13. f5 O-O 14. Nc3 g6 15. a3 Nbd7 16. b4 Bb6 17. b5 Qc7 18. a4 cxb5 19. axb5 Bxe3 20. Bxe3 Qxc3+
21. Qd2 Qxa1+ 22. Qd1 Qc3+ 23. Bd2 Qc5 24. Nh3 Qxb5 25. Nf4 Ne5 26. g5 Nfg4 27. f6 Qc5 28. Rf1 Nc4 29. Qb3 Nxd2 30. Qxd5 Qc1#
0-1

[Event "Move!"]
[Site "SchemingMind.com"]
[Date "2009.12.06"]
[Round "-"]
[White "lapista59"]
[Black "Brian Acebo"]
[Result "0-1"]
[WhiteCountry "HUN"]
[BlackCountry "USA"]
[WhiteElo "1390"]
[WhiteRD "77"]
[BlackElo "1533"]
[BlackRD "68"]
[GameID "229561"]

1. c3 e5 2. e3 Nf6 3. g3 d5 4. Bg2 Be6 5. Qb3 Bd6 6. Qxb7 Nbd7 7. Nf3 O-O 8. h4 e4 9. Nd4 Re8 10. b4 a5
11. b5 Rb8 12. Qa7 Nb6 13. Nc6 Ra8 14. Nxd8 Rxa7 15. Nc6 Raa8 16. h5 h6 17. a4 Bg4 18. Bh3 Bxh3 19. Rxh3 Nc4 20. Ra2 Ne5
21. Nxe5 Rxe5 22. f4 Rxh5 23. Rxh5 Nxh5 24. Kf2 Nf6 25. Rc2 Rc8 26. Rb2 Nd7 27. d4 Nb6 28. Ra2 f5 29. Kg2 c6 30. Bd2 cxb5
31. axb5 Nc4 32. Kh3 Nxd2 33. Rxd2 Rb8 34. Rb2 Bc7 35. Kh4 g6 36. Nd2 Kf7 37. Nb3 Bd8+ 38. Kh3 Rxb5 39. g4 a4 40. Ra2 Rxb3
41. Rxa4 Rxc3 42. Ra7+ Be7 43. Ra5 Rxe3+ 44. Kg2 Ke6 45. Ra6+ Bd6 46. Kf2 Rf3+ 47. Ke2 Rxf4 48. Ra8 Rxg4 49. Re8+ Be7 50. Rh8 h5
51. Ke3 Bg5+ 52. Ke2 Rg3 53. Rg8 Be3 54. Re8+ Kf7 55. Re5 Bxd4 56. Rxd5 Re3+ 57. Kd2 Rd3+ 58. Ke2 Ke6 59. Ra5 g5 60. Ra6+ Ke5
61. Ra5+ Kf4 62. Ra4 h4 63. Ra2 g4 64. Kf1 g3 65. Kg2 Bf6 66. Re2 Re3 67. Ra2 Kg4 68. Rc2 h3+ 69. Kf1 Rf3+ 70. Kg1 Bd4+
71. Rf2 Rxf2 72. Kh1 Rf1#
0-1

[Event "Move!"]
[Site "SchemingMind.com"]
[Date "2009.12.06"]
[Round "-"]
[White "Gammon"]
[Black "Brian Acebo"]
[Result "1-0"]
[WhiteCountry "USA"]
[BlackCountry "USA"]
[WhiteElo "1429"]
[WhiteRD "52"]
[BlackElo "1525"]
[BlackRD "68"]
[GameID "229562"]

1. d4 d5 2. c4 c6 3. Nf3 Nf6 4. Nc3 g6 5. e3 Bg7 6. Bd3 O-O 7. O-O dxc4 8. Bxc4 e6 9. e4 b5 10. Bd3 Nbd7
11. Bg5 Qc7 12. e5 Nd5 13. Nxd5 cxd5 14. Qd2 a6 15. Bh6 Bb7 16. Rac1 Qb6 17. Rfe1 Rfe8 18. Bxg7 Kxg7 19. Re3 b4 20. b3 a5
21. Ng5 Qxd4 22. Rh3 h5 23. Nf3 Qb6 24. Re1 Ba6 25. Nh4 Bxd3 26. Qxd3 Rac8 27. g3 Qc7 28. Kg2 Kf8 29. Re3 Nxe5 30. Qe2 Qc2
31. Rxe5 Qc6 32. Nf3 f6 33. Re3 Qd6 34. Nd4 Kf7 35. g4 e5 36. Nb5 Qc6 37. Na7
1-0

[Event "Move!"]
[Site "SchemingMind.com"]
[Date "2009.12.05"]
[Round "-"]
[White "Black Knight"]
[Black "surfnsuds"]
[Result "0-1"]
[WhiteCountry "USA"]
[BlackCountry "USA"]
[WhiteElo "1455"]
[WhiteRD "68"]
[BlackElo "1363"]
[BlackRD "81"]
[GameID "229660"]

1. e4 c5 2. Nf3 e6 3. Nc3 Nc6 4. Bc4 a6 5. O-O b5 6. Be2 b4 7. Na4 Nf6 8. Nb6 Rb8 9. Nxc8 Qxc8 10. d4 Nxe4
11. Bd3 d5 12. Bf4 Ra8 13. Ne5 Nxd4 14. c3 bxc3 15. bxc3 Nxc3 16. Qd2 Ne4 17. Bxe4 dxe4 18. Qe3 Nc2 19. Qc3 Nxa1 20. Rxa1 Rb8
21. Re1 Rb4 22. a3 Ra4 23. Qb3 Rd4 24. Rd1 Rxd1+ 25. Qxd1 f6 26. Qa4+ Ke7 27. Nc4 e5 28. Nb6 Qb7 29. Qa5 g5 30. Be3 Ke6
31. g4 Bd6 32. Bxc5 Bxc5 33. Qxc5 Rb8 34. Qc4+ Kd6 35. Na4 e3 36. Qd3+ Ke7 37. Qxe3 Qb1+ 38. Kg2 Rb3 39. Qa7+ Kd6 40. Qc5+ Ke6
41. Qa7 Qe4+
0-1

[Event "Move!"]
[Site "SchemingMind.com"]
[Date "2009.12.05"]
[Round "-"]
[White "Black Knight"]
[Black "lame wolf"]
[Result "1-0"]
[WhiteCountry "USA"]
[BlackCountry "INT"]
[WhiteElo "1455"]
[WhiteRD "68"]
[BlackElo "1055"]
[BlackRD "45"]
[GameID "229661"]

1. e4 c5 2. Nf3 Nc6 3. Nc3 e6 4. d4 Be7 5. Be3 d6 6. Bc4 b6 7. d5 Ne5 8. Nxe5 dxe5 9. dxe6 f6 10. O-O Qxd1
11. Rfxd1 a6 12. a4 Bb7 13. Rd7 Bc6 14. Rc7 Bd7 15. Bd5 Rd8 16. exd7+ Kf8 17. Rc8 Nh6 18. Rxd8+ Bxd8 19. Bxh6 gxh6 20. Rd1 Ke7
21. Bc6 a5 22. Nd5+ Kf7 23. Ne3 Ke6 24. Nf5 Rg8 25. Rd6+ Kf7 26. Nxh6+
1-0

[Event "Move!"]
[Site "SchemingMind.com"]
[Date "2009.12.06"]
[Round "-"]
[White "Black Knight"]
[Black "Brian Acebo"]
[Result "0-1"]
[WhiteCountry "USA"]
[BlackCountry "USA"]
[WhiteElo "1297"]
[WhiteRD "61"]
[BlackElo "1526"]
[BlackRD "71"]
[GameID "229662"]

1. e4 c5 2. Nf3 Nc6 3. Nc3 g6 4. Bc4 Bg7 5. O-O e6 6. d3 Nge7 7. Be3 O-O 8. d4 cxd4 9. Nxd4 a6 10. a4 Rb8
11. Nce2 Nxd4 12. Bxd4 Qc7 13. Bxg7 Kxg7 14. b3 b5 15. axb5 axb5 16. Bd3 b4 17. Qb1 Kg8 18. Nd4 Bb7 19. Nb5 Qe5 20. Ra4 Bc6
21. c4 Bxb5 22. cxb5 Qc5 23. Qb2 d5 24. Rc1 Qb6 25. Ra6 Qd8 26. b6 Nc8 27. b7 Nd6 28. Rcc6 Nxb7 29. exd5 exd5 30. Rab6 Na5
31. Rxb8 Qxb8 32. Ra6 Qc7 33. Qd4 Nxb3 34. Qxb4 Qc1+ 35. Bf1 Nd2 36. Qb5 Nxf1 37. Qxf1 Qxf1+ 38. Kxf1 Rd8 39. Ke2 Kg7 40. Kd3 Kf8
41. f4 Ke7 42. g4 h6 43. Kd4 Rd6 44. Rxd6 Kxd6 45. h3 f6 46. h4 Kc6 47. g5 hxg5 48. hxg5 fxg5 49. fxg5 Kd6 50. Kd3 Ke5
51. Ke3 Kf5 52. Kd4 Kxg5 53. Kxd5 Kf4
0-1

[Event "Move!"]
[Site "SchemingMind.com"]
[Date "2009.12.05"]
[Round "-"]
[White "Black Knight"]
[Black "lapista59"]
[Result "1-0"]
[WhiteCountry "USA"]
[BlackCountry "HUN"]
[WhiteElo "1372"]
[WhiteRD "63"]
[BlackElo "1315"]
[BlackRD "73"]
[GameID "229663"]

1. e4 e6 2. d4 c6 3. Nf3 h6 4. Bc4 Nf6 5. Nc3 Bb4 6. Bd2 Qb6 7. a3 Be7 8. O-O Qxb2 9. Ra2 Qb6 10. Be3 g5
11. e5 Ng8 12. Qd3 g4 13. d5 Qc7 14. d6 Bxd6 15. Qxd6 Qxd6 16. exd6 gxf3 17. g3 h5 18. Bd4 f6 19. Ne4 e5 20. Bc3 b5
21. Bxg8 Rh6 22. Nc5 Rg6 23. Bh7 Rg7 24. Be4 Ba6 25. Nxa6 Nxa6 26. Bxf3 h4 27. Bh5+ Kf8 28. Bd2 Nc5 29. Bh6 hxg3 30. Bxg7+ Kxg7
31. hxg3 Rh8 32. Bg4 Kg6 33. Kg2 f5 34. Re1 e4 35. Bh3 Kg5 36. f4+ Kf6 37. c3 Nd3 38. Re3 Rg8 39. a4 Nxf4+ 40. Kh2 Nd5
41. Rae2 b4 42. c4 Nc3 43. Rxc3 bxc3 44. Rc2 Ke5 45. c5 Rb8 46. Rxc3 a5 47. g4 f4 48. g5 e3 49. Bg4 Kd4 50. Rc1 Rb2+
51. Kg1 Rb8 52. Rf1 Ke4 53. Bxd7 Rg8 54. Bxc6+ Ke5 55. d7 Rxg5+ 56. Bg2 Rg8 57. c6 Rd8 58. c7 Rxd7 59. c8=Q Rg7 60. Qc3+ Kf5
61. Qxg7 e2 62. Re1 f3 63. Bxf3 Kf4 64. Bxe2 Ke3 65. Qc3+ Ke4 66. Bc4+ Kf5 67. Re8 Kg6 68. Qf3 Kh7 69. Rg8 Kh6 70. Qh3#
1-0

[Event "Move!"]
[Site "SchemingMind.com"]
[Date "2009.12.05"]
[Round "-"]
[White "Black Knight"]
[Black "Gammon"]
[Result "1-0"]
[WhiteCountry "USA"]
[BlackCountry "USA"]
[WhiteElo "1455"]
[WhiteRD "68"]
[BlackElo "1394"]
[BlackRD "49"]
[GameID "229664"]

1. e4 e5 2. Nf3 Nc6 3. Bc4 Nf6 4. Nc3 Bb4 5. O-O O-O 6. a3 Bxc3 7. bxc3 d5 8. Bxd5 Nxd5 9. exd5 Qxd5 10. d4 Bg4
11. h3 Bxf3 12. Qxf3 Qxf3 13. gxf3 Ne7 14. a4 Ng6 15. Re1 Rfe8 16. dxe5 Nxe5 17. Re3 Rad8 18. Ba3 Nc4 19. Rxe8+ Rxe8 20. Bb4 Nd2
21. Kg2 Nc4 22. Rd1 Nb6 23. a5 Nc4 24. Rd7 b6 25. Rxc7 Nxa5 26. Bxa5 bxa5 27. Rxa7 Re2 28. Ra8+
1-0

[Event "Move!"]
[Site "SchemingMind.com"]
[Date "2009.12.06"]
[Round "-"]
[White "surfnsuds"]
[Black "Black Knight"]
[Result "0-1"]
[WhiteCountry "USA"]
[BlackCountry "USA"]
[WhiteElo "1363"]
[WhiteRD "81"]
[BlackElo "1455"]
[BlackRD "68"]
[GameID "229665"]

1. d4 Nf6 2. c4 g6 3. Nc3 e6 4. Nf3 Bg7 5. e4 O-O 6. e5 Ne8 7. Ne4 d5 8. cxd5 Qxd5 9. Nfg5 h6 10. h4 hxg5
11. Nxg5 Nc6 12. h5 Qxd4 13. h6 Qxe5+ 14. Be3 Bf6 15. Bc4 Bxg5 16. Qe2 Bxe3 17. fxe3 Qg3+ 18. Kd1 a6 19. Rh3 Qd6+ 20. Kc2 e5
21. Rd1 Bf5+ 22. Kc1 Qe7 23. Rg3 Nd6 24. Qh5 Kh7 25. Qh2 Nxc4
0-1

[Event "Move!"]
[Site "SchemingMind.com"]
[Date "2009.12.05"]
[Round "-"]
[White "lame wolf"]
[Black "Black Knight"]
[Result "0-1"]
[WhiteCountry "INT"]
[BlackCountry "USA"]
[WhiteElo "1055"]
[WhiteRD "45"]
[BlackElo "1455"]
[BlackRD "68"]
[GameID "229666"]

1. b4 e5 2. b5 d5 3. e3 c6 4. Bb2 Bd6 5. a4 a6 6. e4 d4 7. d3 Nf6 8. c3 axb5 9. Qc2 bxa4 10. Ba3 Bxa3
11. Nxa3 b5 12. c4 O-O 13. cxb5 cxb5 14. Rb1 Bd7 15. Nf3 b4 16. Nc4 Qc8 17. Nfxe5 b3 18. Qe2 Nc6 19. Qd2 Qb8 20. Nxd7 Qd8
21. Nxf8 Kxf8 22. e5 Nd5 23. f4 Qb8 24. Be2 a3 25. Ra1 b2 26. Rb1 a2 27. Nxb2 axb1=Q+
0-1

[Event "Move!"]
[Site "SchemingMind.com"]
[Date "2009.12.06"]
[Round "-"]
[White "Brian Acebo"]
[Black "Black Knight"]
[Result "1-0"]
[WhiteCountry "USA"]
[BlackCountry "USA"]
[WhiteElo "1595"]
[WhiteRD "70"]
[BlackElo "1372"]
[BlackRD "63"]
[GameID "229667"]

1. e4 e5 2. Nf3 Nc6 3. Bc4 Nf6 4. d3 Bc5 5. h3 O-O 6. O-O a6 7. c3 d5 8. exd5 Nxd5 9. Re1 b5 10. Bb3 Be6
11. Nxe5 Nxe5 12. Rxe5 Nf6 13. Rxc5 Nd7 14. Rg5 Bxb3 15. Qxb3 h6 16. Rg3 Re8 17. Bxh6 g6 18. Rxg6+ Kh7 19. Qxf7+
1-0

[Event "Move!"]
[Site "SchemingMind.com"]
[Date "2009.12.05"]
[Round "-"]
[White "lapista59"]
[Black "Black Knight"]
[Result "0-1"]
[WhiteCountry "HUN"]
[BlackCountry "USA"]
[WhiteElo "1317"]
[WhiteRD "68"]
[BlackElo "1455"]
[BlackRD "68"]
[GameID "229668"]

1. c3 e5 2. e3 d5 3. g3 Nc6 4. Qf3 e4 5. Qf4 Bd6 6. Qh4 Qxh4 7. gxh4 Nf6 8. b4 O-O 9. Na3 Bg4 10. Bg2 a6
11. b5 axb5 12. Nxb5 Be5 13. d4 Bd6 14. h3 Bh5 15. f3 Bg3+ 16. Ke2 Bxh4 17. Nxc7 Ra5 18. a4 Rc8 19. Nb5 Rca8 20. Nd6 Rxa4
21. Rxa4 Rxa4 22. Nxb7 Ra2+ 23. Bd2 exf3+ 24. Nxf3 Ne4 25. Rd1 Ng3+ 26. Kd3 Bg6+ 27. e4 dxe4+ 28. Ke3 exf3 29. Bxf3 Nf5+ 30. Kf4 Nce7
31. Be3 Nxe3 32. Kxe3 Bg5#
0-1